| 000 | 02370nam a2200457 c 4500 | ||
|---|---|---|---|
| 003 | BLK | ||
| 005 | 20230407030359.0 | ||
| 008 | 180408b bul|||||r ||||||| ||bul|| | ||
| 010 | _aKNG00099190000 | ||
| 020 |
_a978-954-426-851-0 _bиздат.: Анубис |
||
| 040 | _aBLK | ||
| 041 |
_aBUL _cBUL |
||
| 072 | 7 |
_2bullib _aН372 _xУчебни предмети. Учебници Н |
|
| 080 |
_aБългарска литература в основното училище. Методика на обучението _b373.3.016:821.163.2 _x(076)(075.2) _z373.3.016:821.163.2(076)(075.2) |
||
| 080 |
_aЛитературна дейност. Редактиране. Култура на речта. Стилистика. Литературна техника _b808 _x(075.2) _z808(075.2) |
||
| 100 | 1 |
_aПротохристова, Клео Стефанова _eпърви автор _9366887 |
|
| 700 | 1 |
_aПеткова, Екатерина Иванова _eсъавт. _9373969 |
|
| 700 | 1 |
_aБотушарова, Теодора Банчева _eсъавт. _9305901 |
|
| 139 |
_aПротохристова, Клео Стефанова и др. _bП 92 |
||
| 245 | 1 | 0 |
_aЛитература _bТеми и тестове VІІІ кл. _cКлео Стефанова Протохристова; съавт. Екатерина Иванова Петкова; съавт. Теодора Банчева Ботушарова. |
| 257 | _aBGR | ||
| 260 |
_аСофия _bАнубис _c2009 _fСофия : печ. Вулкан |
||
| 300 |
_a188 с. _c21 см |
||
| 380 | _a3 | ||
| 500 | _aКор. загл. Знаещи и можещи по литература. - Офс. изд. - Доп. тир. 2010. | ||
| 650 | 4 |
_aБългарска литература - учебници за основни училища _9250869 |
|
| 650 | 4 |
_aСъчинение и преразказ - учебници за основни училища _9242721 |
|
| 653 | _aбългарска литература | ||
| 653 | _aтеми | ||
| 653 | _aтестове | ||
| 653 | _aсъчинение | ||
| 653 | _aпреразказ | ||
| 653 | _aVІІІ кл. | ||
| 653 | _aучебници за основни училища | ||
| 659 | _aН | ||
| 852 | _aЦб 250639 | ||
| 856 | 4 |
_qpdf _u |
|
| 856 | 4 |
_qpdf _u |
|
| 942 |
_cKNG _n0 |
||
| 944 |
_aCR _c26.01.2011 _lф / _kЛюдмила_Стоянова |
||
| 944 |
_aED _c21.02.2013 _lф / _k |
||
| 999 |
_c94369 _d94369 |
||